000 01211cam a2200301 4500
001 J107435
008 000000n2000 000 0 eng u
035 _a(Sirsi) u107435
041 _aeng
050 _a346.41043
_c18
100 _aBurrows, Andrew S.
245 _a25th anniversary series Blundell lectures
_btopical issues in property law - the Contracts (Rights of Third Parties) Act 1999 and its implications for property transactions
260 _aLondon
_bLaw Society
_c2000
300 _a29p.
_c30cm.
350 _a25
490 _aBlundell Lectures
520 _aPart one of this paper discusses the general purpose and main details of the Contracts (Rights of Third Parties) Act 1999. Part two examines how the 1999 Act may impinge on three aspects of property law; leasehold covenants, freehold covenants, and contracts for the sale of land.
650 _aCONTRACTS (RIGHTS OF THIRD PARTIES) ACT 1999
650 _aPROPERTY LAW
650 _aPROPERTY TRANSACTIONS
650 _aLEASEHOLD COVENANTS
650 _aCONTRACTS FOR THE SALE OF LAND
650 _aFREEHOLD COVENANTS
650 _aTHIRD PARTY RIGHTS
690 _aPROPERTY
700 _aHarpum, Charles
942 _n0
999 _c100695
_d100695